000
00373nam a2200169Ia 4500
003
0STCL
008
150530s9999 xx 000 0 und d
040
_a
STCL
_c
STCL
100
_a
Kuppuswamy, B.
245
_a
Introduction to social psycology
250
_a
First
260
_c
1999
546
_a
English
942
_2
ddc
_c
BK
999
_c
2155
_d
2155
005
20220125165308.0